Movies Quiz

Random Movies or Actor Quiz

Mel Gibson Movie Year Match Quiz Stats

 Plays Quiz not verified by Sporcle

Support Sporcle.
Go Orange.
Score 0/12 Timer 02:00
0 Plays Today
% Correct
What Women Want
89.8%
Braveheart
89.6%
Gallipoli
87.8%
Lethal Weapon
85.7%
Mad Max
85.2%
Signs
77.8%
The Professor and the Madman
71.4%
Ransom
70%
Machete Kills
69.4%
Edge of Darkness
67.3%
Bird on a Wire
64.3%
The Bounty
50.4%

You're not logged in!

Compare scores with friends on all Sporcle quizzes.
OR
Log In

From the Vault

Companies by Gift Card

by midlifecrisis

If you're a last minute shopper, here are a few gift ideas.
Remove Ads.
Support Sporcle.
Get the best of Sporcle when you Go Orange. This ad-free experience offers more features, more stats, and more fun while also helping to support Sporcle. Thank you for becoming a member.

Show Comments

Extras

Top Quizzes Today


Score Distribution

Your Account Isn't Verified!

In order to create a playlist on Sporcle, you need to verify the email address you used during registration. Go to your Sporcle Settings to finish the process.

Report this User

Report this user for behavior that violates our Community Guidelines.

Details: